| 000 | 00411nam a2200169Ia 4500 | ||
|---|---|---|---|
| 008 | 210210b1952 xxu||||| |||| 00| 0 eng d | ||
| 041 | _aeng | ||
| 082 | _a821/307 | ||
| 100 | _aHOUSMAN (J E) | ||
| 245 | _aBritish popular ballads | ||
| 260 |
_aLondon _bGeorge G Harrap and Company _c1952 |
||
| 650 | _apopular | ||
| 650 | _aBritish | ||
| 650 | _aballads | ||
| 690 | _aEnglish Literature | ||
| 906 | _a011477 | ||
| 999 |
_c130154 _d130154 |
||